书目信息 |
| 题名: |
无线数据通信技术揭密
|
|
| 作者: | 瓦卡, , 约翰 著 ;杨龙祥 , 陆素花 , 傅海阳 , 张立峰 译 | |
| 分册: | ||
| 出版信息: | 北京 人民邮电出版社 2005 |
|
| 页数: | 365页 | |
| 开本: | 24cm | |
| 丛书名: | IT先锋系列丛书 | |
| 单 册: | ||
| 中图分类: | TN919.72 | |
| 科图分类: | ||
| 主题词: | 无线电通信--wu xian dian tong xin--数据通信--通信技术 | |
| 电子资源: | ||
| ISBN: | 7-115-12876-6 | |
| 000 | 01422nam 2200373 450 | |
| 001 | CAL 012005049229 | |
| 005 | 20061124145505.73 | |
| 010 | @a7-115-12876-6@dCNY 46.00 | |
| 099 | @aCAL 012005049229 | |
| 100 | @a20050412d2005 ekmy0chiy0121 ea | |
| 101 | 1 | @achi@ceng |
| 102 | @aCN@b110000 | |
| 200 | 1 | @a无线数据通信技术揭密@Awu xian shu ju tong xin ji shu jie mi@f(美)约翰著@F(mei)yue han zhu@g傅海阳 ... [等] 译 |
| 210 | @a北京@c人民邮电出版社@d2005 | |
| 215 | @a365页@c图@d24cm | |
| 225 | 2 | @aIT先锋系列丛书@Ait xian feng xi lie cong shu |
| 304 | @a责任者还有:杨龙祥,张立峰,陆素花等 | |
| 312 | @a并列题名取自封面:Wireless data demystified | |
| 314 | @a责任者自译汉译姓:瓦卡 | |
| 320 | @a有书目 | |
| 330 | @a本书介绍了高速无线通信数据网络和移动因特网技术,主要内容有无线数据网络基础,无线数据网络的应用研究,卫星无线数据网络的规划和安装等。 | |
| 333 | @a从事无线通信工程的研究人员和工程师以及相关专业师生 | |
| 410 | 0 | @12001 @aIT先锋系列丛书 |
| 510 | 1 | @aWireless data demystified@zeng |
| 606 | 0 | @a无线电通信@Awu xian dian tong xin@x数据通信@x通信技术 |
| 690 | @aTN919.72@v4 | |
| 701 | 1 | @a瓦卡,@Awa ka@bJ.R.@g(Vacca, John R.)@4著 |
| 701 | 0 | @a约翰@Ayue han@4著 |
| 702 | 0 | @a杨龙祥@Ayang long xiang@4译 |
| 702 | 0 | @a陆素花@Alu su hua@4译 |
| 702 | 0 | @a傅海阳@Afu hai yang@4译 |
| 702 | 0 | @a张立峰@Azhang li feng@4译 |
| 801 | @aCN@c20061124 | |
| 905 | @a10447@dTN919.72@eY944 | |
| 无线数据通信技术揭密/(美)约翰著/傅海阳 ... [等] 译.-北京:人民邮电出版社,2005 |
| 365页:图;24cm.-(IT先锋系列丛书) |
| 使用对象:从事无线通信工程的研究人员和工程师以及相关专业师生 |
| ISBN 7-115-12876-6:CNY 46.00 |
| 本书介绍了高速无线通信数据网络和移动因特网技术,主要内容有无线数据网络基础,无线数据网络的应用研究,卫星无线数据网络的规划和安装等。 |
| ● |
| 相关链接 |
|
|
|
正题名:无线数据通信技术揭密
索取号:TN919.72/Y944
 
预约/预借
| 序号 | 登录号 | 条形码 | 馆藏地/架位号 | 状态 | 备注 |
| 1 | 615539 | 206155391 | 自科库301/301自科库 998排8列2层/ [索取号:TN919.72/Y944] | 在馆 | |
| 2 | 615540 | 206155408 | 自科库301/301自科库 998排8列2层/ [索取号:TN919.72/Y944] | 在馆 |